| 000 | 00428nam a2200169Ia 4500 | ||
|---|---|---|---|
| 005 | 20250508163356.0 | ||
| 008 | 008 250505s9999 xx 000 0 eng d | ||
| 037 | _aReference | ||
| 040 |
_aFEDL _beng _cFEDL |
||
| 041 |
_aeng _2eng |
||
| 084 |
_a370.1, SAF _qFEDL |
||
| 100 | _aSafaya | ||
| 245 | 0 | _aEducational theory and practice | |
| 300 | _a320p. | ||
| 942 |
_cREF _h370.1, SAF |
||
| 999 |
_c1382648 _d1382648 |
||